000 00319nam a22001337a 4500
008 170822b xxu||||| |||| 00| 0 eng d
020 _a9780521499224
041 _aeng
080 _a51
100 _a38
101 _aMAT
245 _aLECTURES ON LIE GROIPS AND LIE ALGEBRAS
_cMACDIONALD.I
942 _2udc
_cBK
999 _c24538
_d24538